The devolution of power in Sri Lanka (Record no. 18476)

000 -LEADER
fixed length control field 00388pab a2200145 454500
008 - FIXED-LENGTH DATA ELEMENTS--GENERAL INFORMATION
fixed length control field 180718b1987 xxu||||| |||| 00| 0 eng d
100 ## - MAIN ENTRY--PERSONAL NAME
Personal name Hubbell, L. Kenneth
245 ## - TITLE STATEMENT
Title The devolution of power in Sri Lanka
Remainder of title A solution to the sepratist Movement
260 ## - PUBLICATION, DISTRIBUTION, ETC.
Date of publication, distribution, etc. 1987
300 ## - PHYSICAL DESCRIPTION
Extent 1176-87
362 ## - DATES OF PUBLICATION AND/OR SEQUENTIAL DESIGNATION
Dates of publication and/or sequential designation Nov.
650 ## - SUBJECT ADDED ENTRY--TOPICAL TERM
Topical term or geographic name entry element Sri Lanka - Politics
773 ## - HOST ITEM ENTRY
Main entry heading Asian Survey
909 ## -
-- 18476
Holdings
Withdrawn status Lost status Damaged status Not for loan Permanent Location Current Location Date acquired Serial Enumeration / chronology Barcode Date last seen Price effective from Koha item type
        Indian Institute of Public Administration Indian Institute of Public Administration 2018-07-19 Volume no: 27, Issue no: 11 AR18538 2018-07-19 2018-07-19 Articles

Powered by Koha